书目信息 |
| 题名: |
微积分及其应用
|
|
| 作者: | 张志军 , 熊德之 主编 | |
| 分册: | ||
| 出版信息: | 北京 科学出版社 2007.05 |
|
| 页数: | 443页 | |
| 开本: | 24cm | |
| 丛书名: | ||
| 单 册: | ||
| 中图分类: | O172 | |
| 科图分类: | ||
| 主题词: | 微积分--wei ji fen--高等学校--教材 | |
| 电子资源: | ||
| ISBN: | 978-7-03-018871-7 | |
| 000 | 00853nam0 2200241 450 | |
| 001 | 012007120923 | |
| 005 | 20070920103400.48 | |
| 010 | @a978-7-03-018871-7@dCNY39.80 | |
| 100 | @a20070818d2007 km y0chiy0120 ea | |
| 101 | 0 | @achi |
| 102 | @aCN@b110000 | |
| 105 | @aak z 000yy | |
| 200 | 1 | @a微积分及其应用@Awei ji fen ji qi ying yong@f张志军, 熊德之主编@Fzhang zhi jun,xiong de zhi zhu bian |
| 210 | @a北京@c科学出版社@d2007.05 | |
| 215 | @a443页@c图@d24cm | |
| 300 | @a21世纪高等院校创新教材 | |
| 330 | @a本书参照教育部高等学校教学指导委员会制订的《经济管理类数学课程数学基本要求》编而成。全书共分九章,内容包括:函数与极限、导数与微分等。 | |
| 606 | 0 | @a微积分@Awei ji fen@x高等学校@j教材 |
| 690 | @aO172@v4 | |
| 701 | 0 | @a张志军@Azhang zhi jun@4主编 |
| 701 | 0 | @a熊德之@Axiong de zhi@4主编 |
| 801 | 0 | @aCN@c20070920 |
| 905 | @dO172@eZ252 | |
| 微积分及其应用/张志军, 熊德之主编.-北京:科学出版社,2007.05 |
| 443页:图;24cm |
| 21世纪高等院校创新教材 |
| ISBN 978-7-03-018871-7:CNY39.80 |
| 本书参照教育部高等学校教学指导委员会制订的《经济管理类数学课程数学基本要求》编而成。全书共分九章,内容包括:函数与极限、导数与微分等。 |
| ● |
| 相关链接 |
|
|
|
正题名:微积分及其应用
索取号:O172/Z252
 
预约/预借
| 序号 | 登录号 | 条形码 | 馆藏地/架位号 | 状态 | 备注 |
| 1 | 260650 | 202606509 | 自科库401/401自科库 44排2列2层/ [索取号:O172/Z252] | 在馆 | |
| 2 | 260651 | 202606518 | 自科库401/401自科库 44排2列2层/ [索取号:O172/Z252] | 在馆 | |
| 3 | 260652 | 202606527 | 自科库401/401自科库 44排2列2层/ [索取号:O172/Z252] | 在馆 |